000 00498nam a22001577a 4500
005 20240822083544.0
008 240822b |||||||| |||| 00| 0 eng d
041 _aEnglish/Afrikaans
082 _a349 UNI
100 _lEnglish
245 _aThe Union Statutes: Classified and Annotated Reprint 1910-1947
260 _aDurban:
_bButterworth and Company (Africa) Ltd,
_c1950
300 _b100 pages;
_c25 cm.
650 _aLegal practice
_bLaw
942 _cBK
_6ALISON_BN_VRIES
999 _c2763
_d2763